El vuelo del vampiro : (Record no. 130675)

MARC details
000 -LEADER
fixed length control field 00796cam a2200253 4500
008 - FIXED-LENGTH DATA ELEMENTS--GENERAL INFORMATION
fixed length control field 060703s1996 mx 000 0 spa u
020 ## - INTERNATIONAL STANDARD BOOK NUMBER
International Standard Book Number 9681626125
100 1# - MAIN ENTRY--PERSONAL NAME
Personal name Tournier, Michel.
245 13 - TITLE STATEMENT
Title El vuelo del vampiro :
Remainder of title notas de lectura /
Statement of responsibility, etc Michel Tournier ; tr. José Luis Rivas.
250 ## - EDITION STATEMENT
Edition statement 1a. ed.
260 ## - PUBLICATION, DISTRIBUTION, ETC. (IMPRINT)
Place of publication, distribution, etc México:
Name of publisher, distributor, etc Fondo de cultura económica,
Date of publication, distribution, etc 1996
300 ## - PHYSICAL DESCRIPTION
Extent 344 p.;
Dimensions 2 cm.
440 #0 - SERIES STATEMENT/ADDED ENTRY--TITLE
Title Lengua y estudios literarios
500 ## - GENERAL NOTE
General note REVISADO
500 ## - GENERAL NOTE
General note Traducción de :Le vol du vampire
504 ## - BIBLIOGRAPHY, ETC. NOTE
Bibliography, etc Incluye índice
506 ## - RESTRICTIONS ON ACCESS NOTE
Terms governing access PIFI 3.1
650 #4 - SUBJECT ADDED ENTRY--TOPICAL TERM
Topical term or geographic name as entry element Literatura moderna
General subdivision Historia y crítica
650 #4 - SUBJECT ADDED ENTRY--TOPICAL TERM
Topical term or geographic name as entry element Novela
General subdivision Historia y crítica
700 1# - ADDED ENTRY--PERSONAL NAME
Personal name Rivas, José Luis, tr.
942 ## - ADDED ENTRY ELEMENTS (KOHA)
Source of classification or shelving scheme Biblioteca del Cogreso de los Estados Unidos
Koha item type Libro
Holdings
Estado de pérdida Fuente de clasificación Estado del daño No para préstamo Ubicación permanente Ubicación actual Apartado o colección Fecha de adquisición Edición Área del conocimiento Clasificación Código de Barras Date last seen Número de copia Tipo de recurso
  Biblioteca del Cogreso de los Estados Unidos     Biblioteca de la Facultad de Filosofía Biblioteca de la Facultad de Filosofía General 22/03/2017 1a. ed. Educación y Humanidades PN710 T68 1996 BFF000025181 22/03/2017 C:1 Libro